000 00294nam a22001337a 4500
020 _a9790130138407
041 _aENG
100 _aBedient.P.H
245 _aGround Water Contamination
260 _aDelhi
_bPrentice hall Ptr
_c1995
300 _a604
650 _aIDE
856 _uIDE ( 05 )
999 _c1520
_d1520